Nghiên cứu nuôi cấy huyền phù tế bào cây mật nhân (Eurycoma longifolia Jack)
Khảo sát đường cong sinh trưởng nuôi cấy huyền phù tế bào trong bình tam giác, trên máy lắc. Khảo sát ảnh hưởng của lượng sinh khối tế bào ban đầu đến khả năng tích luỹ sinh khối của tế bào huyền phù. Khảo sát ảnh hưởng của các chất điều hoà sinh trưởng (ĐHST) ở các nồng độ khác nhau đến khả năng si...
Guardado en:
| Autor principal: | |
|---|---|
| Otros Autores: | |
| Formato: | Libro |
| Lenguaje: | Vietnamese |
| Publicado: |
Đà Nẵng
Đại học Sư phạm, Đại học Đà Nẵng
2013
|
| Materias: | |
| Etiquetas: |
Agregar Etiqueta
Sin Etiquetas, Sea el primero en etiquetar este registro!
|
| Thư viện lưu trữ: | Mạng thư viện Đại học Đà Nẵng |
|---|
| LEADER | 02100nam a2200397 4500 | ||
|---|---|---|---|
| 001 | 000018471 | ||
| 003 | 14903 | ||
| 005 | 20131115101133.0 | ||
| 008 | 131112s2013 viesd | ||
| 041 | |a vie | ||
| 082 | 1 | 4 | |a 571.6 |b NG-G |
| 100 | 1 | |a Nguyễn Thị Hương Giang | |
| 245 | 1 | |a Nghiên cứu nuôi cấy huyền phù tế bào cây mật nhân (Eurycoma longifolia Jack) |c Nguyễn Thị Hương Giang ; Võ Châu Tuấn hướng dẫn |k Khóa luận tốt nghiệp | |
| 260 | |a Đà Nẵng |b Đại học Sư phạm, Đại học Đà Nẵng |c 2013 | ||
| 300 | |a 39 tr. |b mh. |c 29 cm. |e Bản tóm tắt | ||
| 500 | |a Khóa luận tốt nghiệp đại học. Chuyên ngành: Sư phạm Sinh | ||
| 504 | |a Mục lục đầu trang, tài liệu tham khảo tr. 73 - 74, phụ lục [13 tr.] | ||
| 520 | |a Khảo sát đường cong sinh trưởng nuôi cấy huyền phù tế bào trong bình tam giác, trên máy lắc. Khảo sát ảnh hưởng của lượng sinh khối tế bào ban đầu đến khả năng tích luỹ sinh khối của tế bào huyền phù. Khảo sát ảnh hưởng của các chất điều hoà sinh trưởng (ĐHST) ở các nồng độ khác nhau đến khả năng sinh trưởng của tế bào huyền phù cây mật nhân | ||
| 600 | 1 | 4 | |b Vua |c Đinh Tiên Hoàng |
| 650 | 0 | 4 | |a Cây mật nhân |v Khóa luận tốt nghiệp |x Nuôi cấy tế bào |
| 653 | |a Cây mật nhân | ||
| 653 | |a Nuôi cấy huyền phù | ||
| 653 | |a Khoa Sinh môi trường | ||
| 653 | |a Tế bào | ||
| 653 | |a Eurycoma longifolia Jack | ||
| 700 | 1 | |a Võ Châu Tuấn |e Hướng dẫn | |
| OWN | |a LSP | ||
| AVA | |a UDN50 |b LSP |d 571.6 NG-G |e available |t Error 5001 Not defined in file expand_doc_bib_avail. |f 1 |g 0 |h N |i 0 |k 1 | ||
| 999 | |a From the UDN01 | ||
| AVA | |a UDN50 |b LSP |d 571.6 NG-G |e available |t Error 5001 Not defined in file expand_doc_bib_avail. |f 1 |g 0 |h N |i 0 |k 1 | ||
| TYP | |a Monograph | ||
| TYP | |a Printed language | ||
| 980 | |a Mạng thư viện Đại học Đà Nẵng | ||